[Event "Voronezh Raev Memorial"]
[Site "Voronezh"]
[Date "2018.12.26"]
[Round "7"]
[White "Peskov, Alexsey"]
[Black "Kochukova, Anna"]
[Result "0-1"]
[WhiteElo "2364"]
[BlackElo "2228"]
[PlyCount "42"]
[EventDate "2018.12.20"]
[EventType "tourn"]
[EventRounds "9"]
[EventCountry "RUS"]
[SourceTitle "CBM 188 Extra"]
[Source "ChessBase"]
[SourceDate "2019.02.26"]
[SourceVersion "1"]
[SourceVersionDate "2019.02.26"]
[SourceQuality "1"]

1. Nf3 Nf6 2. e3 e6 3. c4 b6 4. b3 Bb7 5. Bb2 c5 6. Be2 Be7 7. Qc2 Na6 8. a3 h6 9. Nc3 0-0 10. Rg1 d5 11. g4 d4 12. g5 hxg5 13. Nxg5 dxc3 14. Bxc3 g6 15. f3 Nc7 16. 0-0-0 Qd6 17. Rg2 e5 18. h4 Ne6 19. Rh1 Nh5 20. Nxf7 Rxf7 21. Qxg6+ Rg7 0-1

[Event "Voronezh Raev Memorial"]
[Site "Voronezh"]
[Date "2018.12.20"]
[Round "1"]
[White "Rodin, Dmitrij"]
[Black "Peskov, Alexsey"]
[Result "1/2-1/2"]
[WhiteElo "2376"]
[BlackElo "2364"]
[PlyCount "92"]
[EventDate "2018.12.20"]
[EventType "tourn"]
[EventRounds "9"]
[EventCountry "RUS"]
[SourceTitle "CBM 188 Extra"]
[Source "ChessBase"]
[SourceDate "2019.02.26"]
[SourceVersion "1"]
[SourceVersionDate "2019.02.26"]
[SourceQuality "1"]

1. e4 c5 2. Nf3 e6 3. d4 cxd4 4. Nxd4 a6 5. Nc3 d6 6. f4 b5 7. Qf3 Bb7 8. Bd3 Nd7 9. Be3 b4 10. Nd1 Ngf6 11. 0-0 Be7 12. Nf2 g6 13. Rae1 e5 14. Nb3 exf4 15. Bxf4 0-0 16. Bh6 Ne5 17. Qg3 Re8 18. Nd4 Nh5 19. Qe3 Bf6 20. Be2 Ng7 21. Nh3 Ne6 22. Nxe6 fxe6 23. Qf4 Bg7 24. Bxg7 Kxg7 25. Ng5 Qe7 26. Bc4 Nxc4 27. Qh4 h5 28. Rf7+ Qxf7 29. Nxf7 Kxf7 30. e5 Nxe5 31. Qxb4 Re7 32. Qxd6 Nc6 33. c3 Rd8 34. Qf4+ Kg7 35. Rf1 e5 36. Qf6+ Kh7 37. b4 Rd2 38. a4 Red7 39. h4 Nxb4 40. Rf2 Rxf2 41. Kxf2 Nd3+ 42. Kg1 e4 43. g4 Rg7 44. gxh5 gxh5+ 45. Kf1 Bc8 46. Ke2 Bb7 1/2-1/2

[Event "Voronezh op-A 21st"]
[Site "Voronezh"]
[Date "2017.06.13"]
[Round "2"]
[White "Peskov, Alexsey"]
[Black "Lingur, Zalina"]
[Result "1-0"]
[WhiteElo "2394"]
[BlackElo "2125"]
[PlyCount "167"]
[EventDate "2017.06.12"]
[EventType "swiss"]
[EventRounds "9"]
[EventCountry "RUS"]
[SourceTitle "EXT 2018"]
[Source "ChessBase"]
[SourceDate "2017.10.13"]
[SourceVersion "1"]
[SourceVersionDate "2017.10.13"]
[SourceQuality "1"]

1. d4 Nf6 2. Nf3 e6 3. e3 b6 4. Bd3 Bb7 5. 0-0 d5 6. c4 Bd6 7. Nc3 0-0 8. Qc2 c5 9. Rd1 Nc6 10. a3 cxd4 11. exd4 dxc4 12. Bxc4 Na5 13. Ba2 Bxf3 14. gxf3 Qc7 15. Bg5 Nh5 16. Qe4 Bf4 17. Bxf4 Qxf4 18. d5 exd5 19. Nxd5 Qg5+ 20. Qg4 Qh6 21. Ne7+ Kh8 22. b4 Nb7 23. Nf5 Qg6 24. Ne7 Qh6 25. Nf5 Qg6 26. Ng3 Nf6 27. Qf4 Nd8 28. Qd6 Ne6 29. Bxe6 fxe6 30. Qxe6 Rae8 31. Qd6 Qf7 32. Rd3 Nh5 33. Qd5 Qg6 34. Rd4 Nf4 35. Qd6 Ne2+ 36. Kg2 Nxd4 37. Qxd4 Qc6 38. Ne4 Rd8 39. Qe3 Qg6+ 40. Kh1 Qh5 41. Kg2 Rde8 42. Qb3 Qe5 43. Rd1 Re6 44. Rd5 Rg6+ 45. Ng3 Qe6 46. Rd3 Qe7 47. Re3 Qb7 48. Qd3 Qc8 49. Re4 Qc6 50. Rh4 Rh6 51. Rg4 Rd6 52. Qe3 Rdf6 53. Re4 h6 54. Qd3 Kg8 55. Re3 b5 56. Re4 a6 57. Re3 Rd6 58. Qe2 Qd5 59. Ne4 Rg6+ 60. Ng3 Rgf6 61. Rd3 Qc4 62. Qd2 Qf4 63. Qe2 Qc4 64. Qd2 Rf4 65. Rc3 Qf7 66. Qe2 h5 67. h3 h4 68. Ne4 Qg6+ 69. Kh2 Qh5 70. Kg2 Qg6+ 71. Kh2 Qh5 72. Kg2 R4f5 73. Qd1 Rd5 74. Qe2 Qg6+ 75. Kh2 Rfd8 76. Rc1 Qf7 77. Rc6 Rd3 78. Kg2 Rxa3 79. Ng5 Qd5 80. Rc5 Qd4 81. Qe4 Qd3 82. Qe6+ Kh8 83. Nf7+ Kh7 84. Rh5+ 1-0

[Event "Voronezh op-A 21st"]
[Site "Voronezh"]
[Date "2017.06.12"]
[Round "1"]
[White "Martynyuk, Elizaveta"]
[Black "Peskov, Alexsey"]
[Result "1/2-1/2"]
[WhiteElo "2112"]
[BlackElo "2394"]
[PlyCount "115"]
[EventDate "2017.06.12"]
[EventType "swiss"]
[EventRounds "9"]
[EventCountry "RUS"]
[SourceTitle "EXT 2018"]
[Source "ChessBase"]
[SourceDate "2017.10.13"]
[SourceVersion "1"]
[SourceVersionDate "2017.10.13"]
[SourceQuality "1"]

1. e4 c5 2. Nf3 e6 3. d4 cxd4 4. Nxd4 a6 5. Bd3 d6 6. 0-0 Nf6 7. c4 g6 8. Nc3 Bg7 9. Be3 0-0 10. Rc1 Nbd7 11. b3 d5 12. cxd5 exd5 13. Nxd5 Nxd5 14. exd5 Nb6 15. Nf3 Nxd5 16. Bc5 Re8 17. Bc4 Be6 18. Nd4 Nf4 19. Nxe6 Nxe6 20. Qf3 Qf6 21. Qxf6 Bxf6 22. Be3 Rad8 23. Rfd1 Nd4 24. Kf1 Kg7 25. Rd2 Nf5 26. Rxd8 Nxe3+ 27. fxe3 Rxd8 28. Ke2 Be5 29. h3 Rc8 30. Rf1 f6 31. Rd1 Rc7 32. Kf3 h5 33. Be6 Kh6 34. Rd7 Rc2 35. Rxb7 Rxa2 36. Bc4 h4 37. b4 Ra3 38. Ke4 Bc3 39. Rb6 a5 40. bxa5 Rxa5 41. Rb3 Be1 42. Rb5 Ra4 43. Kd3 Ra1 44. Rb6 Ra3+ 45. Ke4 Rc3 46. Bd3 Kg5 47. Rd6 Ra3 48. Rd5+ Kh6 49. Rd6 Bc3 50. Rc6 Bb2 51. Be2 Kg5 52. Ra6 Rb3 53. Rc6 f5+ 54. Kf3 Bd4 55. Re6 f4 56. Re4 Bxe3 57. Re5+ Kf6 58. Rb5 1/2-1/2

[Event "Voronezh IM"]
[Site "Voronezh"]
[Date "2017.02.11"]
[Round "5"]
[White "Peskov, Alexsey"]
[Black "Matsenko, Andrei"]
[Result "1/2-1/2"]
[WhiteElo "2389"]
[BlackElo "2356"]
[PlyCount "81"]
[EventDate "2017.02.07"]
[EventType "tourn"]
[EventRounds "9"]
[EventCountry "RUS"]
[EventCategory "5"]
[SourceTitle "CBM 176 Extra"]
[Source "ChessBase"]
[SourceDate "2017.03.02"]
[SourceVersion "1"]
[SourceVersionDate "2017.03.02"]
[SourceQuality "1"]

1. d4 Nf6 2. c4 e6 3. Nc3 Bb4 4. Qc2 c5 5. dxc5 0-0 6. Nf3 Na6 7. Bd2 Nxc5 8. a3 Bxc3 9. Bxc3 Nce4 10. Bb4 d6 11. Rd1 Qc7 12. e3 a5 13. Bc3 e5 14. Nd2 Nxc3 15. Qxc3 Be6 16. Be2 Rac8 17. 0-0 d5 18. Rc1 Rfd8 19. c5 d4 20. exd4 exd4 21. Qd3 Qe5 22. Nf3 Qd5 23. Qb5 Ne4 24. Rfd1 Rxc5 25. Rxc5 Qxc5 26. Qxc5 Nxc5 27. Rxd4 Rxd4 28. Nxd4 Bd5 29. f3 Nb3 30. Nxb3 Bxb3 31. Kf2 Kf8 32. Ke3 Ke7 33. Kd4 Kd6 34. Bd3 h6 35. Be4 b6 36. Bd3 f6 37. Bc4 Bc2 38. Bd5 Bf5 39. f4 Bg6 40. g3 Be8 41. Bc4 1/2-1/2

[Event "Voronezh IM"]
[Site "Voronezh"]
[Date "2017.02.09"]
[Round "3"]
[White "Sargissyan, Sargis"]
[Black "Peskov, Alexsey"]
[Result "0-1"]
[WhiteElo "2363"]
[BlackElo "2389"]
[PlyCount "76"]
[EventDate "2017.02.07"]
[EventType "tourn"]
[EventRounds "9"]
[EventCountry "RUS"]
[EventCategory "5"]
[SourceTitle "CBM 176 Extra"]
[Source "ChessBase"]
[SourceDate "2017.03.02"]
[SourceVersion "1"]
[SourceVersionDate "2017.03.02"]
[SourceQuality "1"]

1. e4 e6 2. d4 d5 3. Nc3 Bb4 4. e5 b6 5. Qg4 Bf8 6. Bg5 Qd7 7. Nge2 Ba6 8. h4 h6 9. Be3 Ne7 10. h5 Nf5 11. Ng3 Bxf1 12. Rxf1 Nxg3 13. fxg3 c5 14. dxc5 Nc6 15. cxb6 Nxe5 16. Qa4 Qxa4 17. Nxa4 axb6 18. Nxb6 Ra6 19. a4 Bb4+ 20. c3 Ba5 21. Bd4 Nc6 22. Bxg7 Rg8 23. Nxd5 exd5 24. Bf6 d4 25. b4 Nxb4 26. cxb4 Bxb4+ 27. Kd1 Rxg3 28. Ra2 d3 29. Rf4 Ba5 30. Bh4 Rb6 31. Re4+ Kf8 32. Kc1 d2+ 33. Rxd2 Bxd2+ 34. Kxd2 Rb2+ 35. Kc1 Rgxg2 36. Be7+ Kg7 37. Bd8 Rbc2+ 38. Kb1 Rcd2 0-1

[Event "Voronezh op-A 20th"]
[Site "Voronezh"]
[Date "2016.06.17"]
[Round "6"]
[White "Peskov, Alexsey"]
[Black "Denishev, Marat"]
[Result "1/2-1/2"]
[WhiteElo "2399"]
[BlackElo "2275"]
[PlyCount "51"]
[EventDate "2016.06.12"]
[EventType "swiss"]
[EventRounds "9"]
[EventCountry "RUS"]
[SourceTitle "EXT 2019"]
[Source "ChessBase"]
[SourceDate "2018.10.10"]
[SourceVersion "1"]
[SourceVersionDate "2018.10.10"]
[SourceQuality "1"]

1. d4 Nf6 2. Nf3 e6 3. Bf4 c5 4. e3 b6 5. Bd3 Bb7 6. Nbd2 Be7 7. h3 0-0 8. 0-0 d6 9. c3 Nc6 10. Bh2 Re8 11. Re1 Bf8 12. Bf1 Qc7 13. Qc2 Rad8 14. a4 Qc8 15. Nc4 Ba6 16. Rac1 h6 17. Qb1 d5 18. Nce5 Bxf1 19. Rxf1 Bd6 20. b4 Ne4 21. Rfd1 f6 22. Nd3 Bxh2+ 23. Nxh2 cxd4 24. cxd4 Qd7 25. Nf1 Rc8 26. Qb3 1/2-1/2

[Event "Borisoglebsk Bocharov Memorial"]
[Site "Borisoglebsk"]
[Date "2015.03.22"]
[Round "7"]
[White "Boev, Stanislav"]
[Black "Peskov, Alexsey"]
[Result "0-1"]
[WhiteElo "1983"]
[BlackElo "2408"]
[PlyCount "86"]
[EventDate "2015.03.19"]
[EventType "swiss"]
[EventRounds "9"]
[EventCountry "RUS"]
[SourceTitle "CBM 165 Extra"]
[Source "ChessBase"]
[SourceDate "2015.04.21"]
[SourceVersion "1"]
[SourceVersionDate "2015.04.21"]
[SourceQuality "1"]

1. e4 c5 2. f4 d5 3. exd5 Qxd5 4. Nc3 Qd6 5. d4 cxd4 6. Nb5 Qd8 7. Qxd4 Qxd4 8. Nxd4 a6 9. Ngf3 g6 10. Be3 Bg7 11. c3 Nf6 12. Bc4 0-0 13. 0-0 Nbd7 14. h3 b5 15. Bb3 Bb7 16. Rfe1 Nd5 17. Rad1 N7b6 18. Bc1 e6 19. a3 Rad8 20. Bc2 Rd6 21. Nb3 Nc4 22. Nc5 Ba8 23. a4 Rc8 24. Nd3 bxa4 25. Bxa4 Ndb6 26. Bc2 Bxf3 27. gxf3 Nd5 28. Ne5 Ncb6 29. Bd3 a5 30. c4 Nb4 31. Bf1 Rxd1 32. Rxd1 Bxe5 33. fxe5 Nxc4 34. Bxc4 Rxc4 35. Rd8+ Kg7 36. Bg5 Nd5 37. Ra8 h6 38. Bd8 a4 39. Rb8 Rc2 40. Ra8 Rc4 41. Rb8 g5 42. Kf2 Rc2+ 43. Kg1 Kg6 0-1

[Event "Elets-B 75th"]
[Site "Elets"]
[Date "2014.12.06"]
[Round "8"]
[White "Grigorjev, Iljya"]
[Black "Peskov, Alexsey"]
[Result "1/2-1/2"]
[WhiteElo "2342"]
[BlackElo "2420"]
[PlyCount "105"]
[EventDate "2014.11.29"]
[EventType "tourn"]
[EventRounds "9"]
[EventCountry "RUS"]
[EventCategory "2"]
[SourceTitle "EXT 2016"]
[Source "ChessBase"]
[SourceDate "2015.10.08"]
[SourceVersion "1"]
[SourceVersionDate "2015.10.08"]
[SourceQuality "1"]

1. e4 c6 2. d4 d5 3. e5 Bf5 4. Nd2 e6 5. Nb3 Nd7 6. Nf3 Ne7 7. Be2 Bg4 8. 0-0 Nf5 9. h3 Bxf3 10. Bxf3 g6 11. Bg4 h5 12. Bxf5 gxf5 13. a4 h4 14. Nd2 Be7 15. Nf3 Rg8 16. b3 Nf8 17. Ba3 Ng6 18. Bxe7 Qxe7 19. Qd2 0-0-0 20. b4 Kb8 21. Ne1 f4 22. f3 f6 23. Nd3 fxe5 24. Nxe5 Nxe5 25. Qxf4 Qxb4 26. Qxe5+ Ka8 27. Qf4 e5 28. Qxh4 e4 29. fxe4 Qxd4+ 30. Qf2 Qxe4 31. Rab1 Rg7 32. Rbe1 Qh7 33. Kh1 a6 34. Re2 Rdg8 35. Qf5 Qh4 36. Rf4 Qg3 37. Rf3 Qh4 38. Rf4 Qg3 39. Rf3 Qd6 40. Qf4 Qd8 41. Qf6 Qd7 42. Rfe3 Rf7 43. Qe6 Rf1+ 44. Kh2 Qc7+ 45. Re5 Rgf8 46. Qe7 Qb6 47. R5e3 Qd4 48. Qd6 Ka7 49. a5 R8f6 50. Qc7 Rf7 51. Qd6 R7f6 52. Qc7 Rf7 53. Qd6 1/2-1/2

[Event "Elets-B 75th"]
[Site "Elets"]
[Date "2014.11.30"]
[Round "2"]
[White "Peskov, Alexsey"]
[Black "Loskutov, Sviatoslav"]
[Result "1/2-1/2"]
[WhiteElo "2420"]
[BlackElo "2288"]
[PlyCount "134"]
[EventDate "2014.11.29"]
[EventType "tourn"]
[EventRounds "9"]
[EventCountry "RUS"]
[EventCategory "2"]
[SourceTitle "EXT 2016"]
[Source "ChessBase"]
[SourceDate "2015.10.08"]
[SourceVersion "1"]
[SourceVersionDate "2015.10.08"]
[SourceQuality "1"]

1. d4 Nf6 2. c4 g6 3. Nc3 Bg7 4. e4 d6 5. h3 0-0 6. Nf3 c5 7. d5 a6 8. a4 a5 9. Bd3 Na6 10. 0-0 Nb4 11. Re1 Nd7 12. Bf1 b6 13. Nh2 Ba6 14. f4 Bd4+ 15. Be3 e5 16. f5 Bxe3+ 17. Rxe3 Qg5 18. Rf3 Nf6 19. Qe2 Nh5 20. Qf2 f6 21. Ng4 Ra7 22. g3 Kh8 23. Kh2 Ng7 24. Ne3 Nh5 25. Ng4 Ng7 26. Rd1 Re7 27. Ne3 Nh5 28. Be2 Qh6 29. fxg6 hxg6 30. Rf5 Bc8 31. Rf3 Bxh3 32. Rh1 Bd7 33. Kg1 Rh7 34. Qh2 Qg5 35. Kf2 Rff7 36. Qh4 Nxg3 37. Rxg3 Rxh4 38. Rxg5 fxg5+ 39. Kg2 Rfh7 40. Rg1 Rh3 41. Ng4 Bxg4 42. Bxg4 Rh2+ 43. Kg3 Rxb2 44. Rf1 Rhh2 45. Bf3 Nd3 46. Nb5 Rxb5 47. Kxh2 Rb4 48. Kg3 Nf4 49. Kg4 Rxa4 50. Kxg5 Kg7 51. Rc1 Rb4 52. Bd1 a4 53. Ra1 Rxc4 54. Bxa4 Rxe4 55. Bd7 Re2 56. Ra7 Rg2+ 57. Bg4+ Kf8 58. Ra8+ Ke7 59. Ra7+ Kd8 60. Rd7+ Ke8 61. Rxd6 c4 62. Rxb6 Nxd5 63. Rb5 Rd2 64. Bf3 Ne7 65. Rxe5 Kf7 66. Rc5 Rd4 67. Be2 Rd5+ 1/2-1/2

[Event "Voronezh op-A 18th"]
[Site "Voronezh"]
[Date "2014.06.21"]
[Round "9"]
[White "Zontakh, Andrey"]
[Black "Peskov, Alexsey"]
[Result "1-0"]
[WhiteElo "2533"]
[BlackElo "2417"]
[PlyCount "87"]
[EventDate "2014.06.12"]
[EventType "swiss"]
[EventRounds "9"]
[EventCountry "RUS"]
[SourceTitle "CBM 160 Extra"]
[Source "ChessBase"]
[SourceDate "2014.07.01"]
[SourceVersion "1"]
[SourceVersionDate "2014.07.01"]
[SourceQuality "1"]

1. d4 Nf6 2. c4 e6 3. Nf3 d5 4. g3 dxc4 5. Bg2 c5 6. 0-0 Nc6 7. dxc5 Bxc5 8. Qxd8+ Kxd8 9. Nbd2 Ke7 10. Nxc4 Rd8 11. a3 a5 12. b3 Ra6 13. Bb2 Ne8 14. Rac1 Ba7 15. a4 f6 16. Ba3+ Kf7 17. Rfd1 Rxd1+ 18. Rxd1 e5 19. e3 Bb8 20. Ne1 Bg4 21. Rd5 Nc7 22. Rd2 Ne8 23. Rd5 Bc7 24. Nd3 Ra7 25. Rb5 Nd8 26. Bc5 Ra6 27. Bxb7 Nxb7 28. Rxb7 Bc8 29. Nd6+ Rxd6 30. Rxc7+ Nxc7 31. Bxd6 Na6 32. Nb2 Ke6 33. Nc4 Bb7 34. Bf8 g5 35. Nxa5 Bf3 36. Nc4 Be2 37. Nd2 g4 38. e4 Nb8 39. Bc5 Nd7 40. Ba3 f5 41. exf5+ Kxf5 42. Nc4 Kg6 43. Ne3 Nb6 44. a5 1-0

[Event "Voronezh Region-ch"]
[Site "Voronezh"]
[Date "2013.12.03"]
[Round "1"]
[White "Chetverik, Maxim"]
[Black "Peskov, Alexsey"]
[Result "0-1"]
[WhiteElo "2251"]
[BlackElo "2419"]
[PlyCount "63"]
[EventDate "2013.12.03"]
[EventType "swiss"]
[EventRounds "9"]
[EventCountry "RUS"]
[SourceTitle "CBM 158 Extra"]
[Source "ChessBase"]
[SourceDate "2014.02.28"]
[SourceVersion "1"]
[SourceVersionDate "2014.02.28"]
[SourceQuality "1"]

1. d4 Nf6 2. c4 e6 3. Nf3 d5 4. g3 Bd6 5. Bg2 0-0 6. 0-0 c6 7. Nbd2 Nbd7 8. Qc2 Qe7 9. Re1 e5 10. e4 dxe4 11. Nxe4 Nxe4 12. Qxe4 f5 13. Qc2 e4 14. Ng5 Nf6 15. f3 h6 16. Nh3 Qf7 17. Bd2 Be6 18. b3 Rad8 19. Rad1 Bc8 20. Nf2 f4 21. Nxe4 Nxe4 22. fxe4 f3 23. Rf1 Qh5 24. Rxf3 Rxf3 25. Bxf3 Qxf3 26. Rf1 Qg4 27. Bf4 Be7 28. Be5 Bg5 29. Kf2 Qe6 30. h4 Be7 31. Qb2 Qg6 32. Qe2 0-1

[Event "Voronezh op 16th"]
[Site "Voronezh"]
[Date "2012.06.21"]
[Round "9"]
[White "Dvoirys, Semen I"]
[Black "Peskov, Alexsey"]
[Result "1-0"]
[WhiteElo "2572"]
[BlackElo "2394"]
[PlyCount "89"]
[EventDate "2012.06.12"]
[EventType "swiss"]
[EventRounds "9"]
[EventCountry "RUS"]
[SourceTitle "CBM 149 Extra"]
[Source "ChessBase"]
[SourceDate "2012.08.24"]
[SourceVersion "1"]
[SourceVersionDate "2012.08.24"]
[SourceQuality "1"]

1. e4 c6 2. Nc3 d5 3. Qe2 dxe4 4. Nxe4 Bf5 5. Nf3 e6 6. d3 Nf6 7. g3 Bb4+ 8. c3 Be7 9. Nh4 Bg6 10. Nxg6 hxg6 11. Bg2 Nbd7 12. 0-0 Qa5 13. Ng5 Nh7 14. Nf3 Qh5 15. Re1 Nhf6 16. d4 0-0 17. a4 a5 18. h3 Bd6 19. g4 Qh8 20. Ne5 Bc7 21. Bf4 Nxe5 22. Bxe5 Bxe5 23. Qxe5 Rfd8 24. g5 Ne8 25. Re4 Nd6 26. Rg4 Rd7 27. Re1 Nf5 28. Qf4 Kh7 29. h4 Qb8 30. Qf3 Qc7 31. Bh3 Re7 32. h5 gxh5 33. Rge4 Rae8 34. Qxh5+ Kg8 35. g6 fxg6 36. Qxg6 Qd7 37. Bg4 Kh8 38. Re5 Nh6 39. Bxe6 Qd6 40. R1e4 b6 41. Kf1 b5 42. axb5 cxb5 43. d5 Rf8 44. Rh5 Qc5 45. Rf4 1-0